Ч. 1: Методы и практика приватизации; Техника приватизации государственных предприятий

Opis bibliograficzny
Parent link:Техника приватизации государственных предприятий: Рабочий обзор 89. Ч. 1: Методы и практика приватизации.— , 1994-.— 5010041960
1. autor: Вюйлстек Ч.
Język:rosyjski
Wydane: 1994
Seria:Всемирный банк
Hasła przedmiotowe:
Format: MixedMaterials Książka
KOHA link:https://koha.lib.tpu.ru/cgi-bin/koha/opac-detail.pl?biblionumber=18148

MARC

LEADER 00000nam2a2200000 4500
001 18148
005 20231030191201.0
035 |a (RuTPU)RU\TPU\book\18297 
035 |a BOOK00018367 
090 |a 18148 
100 |a 20011209d1994 m y0rusy50 ca 
101 1 |a rus  |c eng 
102 |a RU 
105 |a y z 000zy 
200 0 |a Ч. 1: Методы и практика приватизации  |f Ч. Вюйлстек 
210 |d 1994 
215 |a 188 с. 
225 1 |a Всемирный банк 
461 1 |0 (RuTPU)RU\TPU\book\65565  |y 5010041960  |t Техника приватизации государственных предприятий  |o Рабочий обзор 89  |v Ч. 1: Методы и практика приватизации  |o пер. с англ.  |d 1994- 
610 1 |a экономика 
610 1 |a предприятия 
610 1 |a экономические реформы 
610 1 |a приватизация 
686 |a У9(2)0-14  |v LBC/SL-A  |2 rubbk 
700 1 |a Вюйлстек  |b Ч. 
801 0 |a RU  |b 63413507  |c 20011209  |g PSBO 
801 2 |a RU  |b 63413507  |c 20120214  |g PSBO 
942 |c BK